Kỹ thuật sửa chữa và bảo trì xe gắn máy Honda từ 50cc đến 110cc /
Khái niệm tổng quát. Tìm và sửa chữa các hư hỏng. Vô dầu mỡ, bảo trì và hiệu chỉnh. Động cơ. Bộ ly hợp và hộp số. Hệ thống xăng và thoát khí. Hệ thống điện. Hệ thống giảm chấn phía trước và hệ thống điều khiển...
Đã lưu trong:
| Príomhúdar: | |
|---|---|
| Údair Eile: | |
| Formáid: | Leabhar |
| Teanga: | Vietnamese |
| Foilsithe: |
Tp.HCM :
Thanh niên,
1999.
|
| Ábhair: | |
| Clibeanna: |
Cuir Clib Leis
Gan Chlibeanna, Bí ar an gcéad duine leis an taifead seo a chlibeáil!
|
| Thư viện lưu trữ: | Mạng thư viện Đại học Đà Nẵng |
|---|
| LEADER | 01330cam a2200397 i 4500 | ||
|---|---|---|---|
| 001 | 000046955 | ||
| 003 | 6470 | ||
| 005 | 20030917134508.0 | ||
| 008 | 010306b1999 vm 000 vie | ||
| 020 | |c 45000 | ||
| 022 | |a T | ||
| 040 | |a IRC |c IRC |d IRC | ||
| 041 | 1 | |a vie | |
| 082 | 1 | 4 | |a 629.227 |b SC-E |
| 100 | 1 | 0 | |a Scott, Ed. |
| 245 | 0 | 0 | |a Kỹ thuật sửa chữa và bảo trì xe gắn máy Honda từ 50cc đến 110cc / |c Ed Scott ; Phạm Khôn Rư dịch. |
| 260 | |a Tp.HCM : |b Thanh niên, |c 1999. | ||
| 300 | |a 328tr. ; |c 27cm. | ||
| 520 | 3 | |a Khái niệm tổng quát. Tìm và sửa chữa các hư hỏng. Vô dầu mỡ, bảo trì và hiệu chỉnh. Động cơ. Bộ ly hợp và hộp số. Hệ thống xăng và thoát khí. Hệ thống điện. Hệ thống giảm chấn phía trước và hệ thống điều khiển... | |
| 630 | 0 | 4 | |a Xe máy. |
| 630 | 0 | 4 | |a Honda. |
| 630 | 0 | 4 | |a Xe gắn máy. |
| 630 | 0 | 4 | |a Kỹ thuật sửa chữa. |
| 630 | 0 | 4 | |a Mô tô. |
| 650 | 0 | 4 | |a Mô tô |x Sửa chữa và bảo trì. |
| 700 | 1 | |a Phạm Khôn Rư, |e dịch. | |
| OWN | |a DUT | ||
| 999 | |a From the UDN01 | ||
| TYP | |a Monograph | ||
| TYP | |a Printed language | ||
| 980 | |a Mạng thư viện Đại học Đà Nẵng | ||